| 000 -ლიდერი |
| ფიქსირებული სიგრძის საკონტროლო ველი |
01709nam a22002057a 4500 |
| 003 - საკონტროლო ნომრის იდენტიფიკატორი |
| საკონტროლო ველი |
Ge_BSU |
| 005 - ბოლო ოპერაციის თარიღი და დრო |
| საკონტროლო ველი |
20250630120102.0 |
| 008 - ფიქსირებული სიგრძის მონაცემთა ელემენტები - ზოგადი ინფორმაცია |
| ფიქსირებული სიგრძის საკონტროლო ველი |
250630s2025 ge ||||| |||| 00| 0 geo d |
| 041 ## - ენის კოდი |
| Language code of text/sound track or separate title |
geo |
| 080 ## - უნივერსალური ათობითი კლასიფიკაციის ინდექსი |
| Universal Decimal Classification number |
33 დ-15 |
| 100 ## - მთავარი ჩანაწერი - პიროვნების სახელი |
| Personal name |
დავითაძე, ინდირა |
| 9 (RLIN) |
25568 |
| 245 ## - ცნობა სათაურის შესახებ |
| Title |
პერსონალის მენეჯმენტის გავლენა ორგანიზაციის შესაძლებლობებსა და დასაქმებულთა მოტივაციაზე : |
| Remainder of title |
დისერტაცია / |
| Statement of responsibility, etc |
სამეცნიერო ხელმძღვანელი დავით ქათამაძე; ბსუ. ეკონომიკისა და ბიზნესის ფაკულტეტი. ბიზნესის ადმინისტრირების, მენეჯმენტისა და მარკეტინგის დარგობრივი დეპარტამენტი. |
| 264 ## - წარმოების, გამოცემის, დისტრიბუციის და სხვა ცნობები |
| გამოცემის, წარმოების, დისტრიბუციის... ადგილი |
ბათუმი, |
| გამოცემის, წარმოების, დისტრიბუციის... თარიღი |
2025. |
| 300 ## - ფიზიკური აღწერა |
| Extent |
191 გვ.; |
| Other physical details |
30 სმ. |
| 501 ## - შენიშვნა თანმხლებ მასალაზე |
| With note |
დანართი გვ. 183-191 |
| 504 ## - BIBLIOGRAPHY, ETC. NOTE |
| Bibliography, etc |
ბიბლიოგრ. გვ.173-182 |
| 700 ## - ADDED ENTRY--PERSONAL NAME |
| Personal name |
ქათამაძე, დავით |
| Relator term |
სამეცნიერო ხელმძღვანელი |
| 9 (RLIN) |
2027 |
| 710 ## - ADDED ENTRY--CORPORATE NAME |
| Corporate name or jurisdiction name as entry element |
ბსუ. ეკონომიკისა და ბიზნესის ფაკულტეტი. |
| Subordinate unit |
ბიზნესის ადმინისტრირების, მენეჯმენტისა და მარკეტინგის დარგობრივი დეპარტამენტი. |
| 9 (RLIN) |
25569 |
| 942 ## - ADDED ENTRY ELEMENTS (KOHA) |
| Source of classification or shelving scheme |
|
| Koha item type |
დისერტაცია |